نيتشه/ (Record no. 6842)
[ view plain ]
| 000 -LEADER | |
|---|---|
| fixed length control field | 00767nac a22002051u 4500 |
| 008 - FIXED-LENGTH DATA ELEMENTS--GENERAL INFORMATION | |
| fixed length control field | 100719s1975 ku||||||r||| 001 0bra d |
| 082 ## - DEWEY DECIMAL CLASSIFICATION NUMBER | |
| Item number | 22 |
| Classification number | 193 ب د و |
| Edition number | 22 |
| 100 ## - MAIN ENTRY--PERSONAL NAME | |
| Personal name | بدوي،عبد الرحمن |
| 9 (RLIN) | 16353 |
| 245 ## - TITLE STATEMENT | |
| Title | نيتشه/ |
| Statement of responsibility, etc | عبد الرحمن بدوي |
| 250 ## - EDITION STATEMENT | |
| Edition statement | ط5 |
| 260 ## - PUBLICATION, DISTRIBUTION, ETC. (IMPRINT) | |
| Place of publication, distribution, etc | الكويت: |
| Name of publisher, distributor, etc | وكالة المطبوعات ،1975 |
| Date of publication, distribution, etc | 1975. |
| 300 ## - PHYSICAL DESCRIPTION | |
| Extent | 290ص ؛ |
| Dimensions | 24 سم |
| 500 ## - GENERAL NOTE | |
| General note | يحتوى على كشاف |
| 500 ## - GENERAL NOTE | |
| General note | يحتوي على صفحة عنوان باللغة الفرنسية |
| 511 ## - PARTICIPANT OR PERFORMER NOTE | |
| Participant or performer note | Catalogued by: Sara |
| 541 ## - IMMEDIATE SOURCE OF ACQUISITION NOTE | |
| Source of acquisition | ألف باء؛ |
| 600 ## - SUBJECT ADDED ENTRY--PERSONAL NAME | |
| 9 (RLIN) | 16418 |
| Personal name | نيتشه ، فريدريك فيلهيلم |
| Dates associated with a name | 1844-1900 |
| 650 ## - SUBJECT ADDED ENTRY--TOPICAL TERM | |
| Topical term or geographic name as entry element | الفلسفة الغربية |
| 9 (RLIN) | 15104 |
| 942 ## - ADDED ENTRY ELEMENTS (KOHA) | |
| Item type | Book - Borrowing |
| Call number prefix | 193 ب د و |
| Source of classification or shelving scheme | Dewey Decimal Classification |
| Withdrawn status | Item status | Source of classification or shelving scheme | Damaged status | Not for loan | Vendor | Home library | Current library | Shelving location | Date acquired | Source of acquisition | Total Checkouts | Full call number | Barcode | Date last seen | Koha item type |
|---|---|---|---|---|---|---|---|---|---|---|---|---|---|---|---|
| Dewey Decimal Classification | Alef-Baa | Central Library | Central Library | Lower Floor | 21/07/2010 | 193 ب د و | 000008462 | 15/07/2025 | Book - Borrowing |